00338nam a22001337a 4500003000700000005001700007008004100024082001700065100003200082245004300114260003400157300000800191650000500199MPLRDC20220104124331.0210129b ||||| |||| 00| 0 eng d a868.71 BCND  a槟城南大校友会编辑 a大马华文文艺创作比赛专辑c ab槟城南大校友会c1980 b平 a